Quizzes
Events
Quiz Creation
Community
Videos
Private Events
Remove Ads
Sign In
Join for FREE
Feedback
Dark Mode
Quiz Categories
Sports
Geography
Music
Movies
Television
Just For Fun
Miscellaneous
History
Literature
Language
Science
Gaming
Entertainment
Religion
Holiday
For Kids
Quiz Lab
Recent
Popular Today
Quiz Kudos Today
Editor Picks
Curator Picks
Quizzes by...
Day
Popularity
Type
Ratings
Length
Year
Community
Subscriptions
Recent Discussions
Orange Saloon
Badges
Playlists
Quests
Create
Leaderboards
Showdown
Live 5
Trivia Bingo
Activity
Puzzle Library
Sporcle Events
Private Events
Virtual Trivia
Globe League
Become a Host
Pub Owners
SporcleCon
Opinionation
Our Games
Videos
Blog
Mobile Apps
Partnerships
Remove Ads and Go Orange
Feedback
Sports
Athletes
MLB
NBA
NHL
NFL
Soccer
Sports Teams
WWE
NCAA
Football
Premier League
Basketball
Baseball
Hockey
Golf
Tennis
Cricket
Rugby
Auto Racing
Olympics
World Cup
Sports
Athletes
MLB
NBA
NHL
NFL
Soccer
Sports Teams
WWE
NCAA
Football
Premier League
Basketball
Baseball
Hockey
Golf
Tennis
Cricket
Rugby
Auto Racing
Olympics
World Cup
Random Quiz
Search Sporcle
×
Quiz Lab
Quiz Lab
Sports
MLB
Type in answers that appear in a list
Type in answers that appear in a list
Classic
Best Score? Go Orange.
MLB - Top 40 Outfielders with most hits! Stats
MLB - Can you name the top 40 outfielders with most hits?
By
jaimecavazos2
8m
40 Questions
354 Plays
354 Plays
354 Plays
Comments
Comments
Give Quiz Kudos
Give Quiz Kudos
-
- Ratings
hide this ad
Replay
Link that replays current quiz
Next Quiz
Link to next quiz in quiz playlist
You Got
0%
They Got
Avg Score
67%
Avg Friend Score
Upgrade to see
Score Distribution
Jump to the score distribution portion of the page
Score
0/40
Timer
08:00
0
Plays Today
Hint
Answer
% Correct
4191 -
Detroit
Ty Cobb
98.9%
3771 -
Atlanta
Hank Aaron
98.3%
3630 -
St. Louis
Stan Musial
96.9%
3283 -
San Franciso
Willie Mays
96%
3000 -
Pittsburgh
Roberto Clemente
93.5%
3141 -
San Diego
Tony Gwynn
92.7%
2711 -
Chicago
Billy Williams
92.7%
2654 -
Boston
Ted Williams
92.7%
3055 -
Oakland
Rickey Henderson
89.8%
2935 -
San Franciso
Barry Bonds
89.8%
3007 -
Detroit
Al Kaline
89.5%
2781 -
Seattle
Ken Griffey Jr
89.3%
2873 -
New York
Babe Ruth
83.1%
3515 -
Cleveland
Tris Speaker
82.5%
2762* Seattle
Ichiro Suzuki
81.9%
3419 -
Boston
Carl Yastrzemski
81.6%
3023 -
St. Louis
Lou Brock
81.4%
2774 -
Montreal
Andre Dawson
76.3%
3110 -
New York
Dave Winfield
75.1%
3152 -
Pittsburgh
Paul Waner
74.6%
Hint
Answer
% Correct
2943 -
Cincinnati
Frank Robinson
74.3%
2769* Boston/
New York
Johnny Damon
72.6%
2987 -
Washington
Sam Rice
72.3%
2689 -
Florida/
Los Angeles/
New York
Gary Sheffield
72%
2605 -
Montreal
Tim Raines
71.2%
2712 -
Pittsburgh
Dave Parker
59.6%
2876 -
New York
Mel Ott
59.3%
2961 -
Detroit
Sam Crawford
56.2%
2884 -
Brooklyn
Zack Wheat
50.3%
2927 -
Philadelphia
Al Simmons
50%
2660 -
Detroit
Harry Heilmann
45.2%
2757 -
Cincinnati
Vada Pinson
44.4%
2716 -
New York/
Houston
Rusty Staub
41%
2932 -
New York
Willie Keeler
37.9%
2735 -
Washington
Goose Goslin
35%
2743 -
Pittsburgh
Al Oliver
32.8%
2665 -
Pittsburgh
Max Carey
27.7%
2672 -
Pittsburgh
Fred Clarke
27.1%
2850 -
Cleveland
Jesse Burkett
17.8%
2705 -
Detroit/
Boston
Doc Cramer
11.9%
Quiz Playlist
Details
Report
Send in Message
Add To Playlist
Classic:
Type in answers that appear in a list
Quiz Source
Last Updated: Feb 16, 2017
Quiz Scoreboard
CHALLENGE
Sign Up to Join the Scoreboard
Show All
Scores
Hide
Comments
May contain spoilers
Recently Published
An Introduction to Baseball
by treessimontrees
Sports
5m
Movies - When Are They Set?
by FPL_Elf
Movies
5m
Popular People in 1961
by mucciniale
History
6m
More to Explore
Quiz From the Vault
Featured Blog Post
Where Did the Easter Bunny Come From?
hide this ad
You Might Also Like...
Tags
MLB Quiz
All Time
hit
Most Hits
Outfielder
Top 40
Today's Top Quizzes in Sports
Browse Sports
hide this ad
Today's Top Quizzes in MLB
Browse MLB
Top Contributed Quizzes in Sports
1
Les meilleurs buteurs des matchs entre le PSG et l’OM
2
2022 World Cup Stars
3
FIFA Club World Cup Champions
4
Les entraîneurs de l'OM et du PSG au 21e siècle
5
Name the Premier League winners with different clubs
6
La finale Lions - Afrique du Sud 2021
7
England Test cricketers to play under Nasser Hussain
8
5-to-1: UK Sports Teams
9
Les joueurs passés par le LOSC et le RC Lens
10
Criteria MLB: Left Handed Sluggers
Explore More
Trending Topics
Crossword
Harry Potter
NBA
Disney
Kpop
Anime
Marvel
Country
The Office
NFL
WWE
Pokémon
Soccer
Song
Puzzle
hide this ad
More By:
jaimecavazos2
Quiz
Plays
Rating
Category
Featured
Created
MLB - Top 40 Outfielders with most hits!
354
4.00
Sports
May 15, 2014
Go to Creator's Profile
Score Distribution
Quiz Creator Spotlight
jaimecavazos2
Follow
Send a Message
Quizzes Created
-
Created Quiz Play Count
-
More By This Creator
Popular Quizzes Today
1
Find the Countries of Europe - No Outlines Minefield
2
Find the US States - No Outlines Minefield
3
The Countries of the World
4
Popular People in 1961
5
Find the US States
6
US States
7
1-10 Letter E Words III
8
Risky Map Clicking: Biggest States A-Z
More Sports Quizzes
Самые дорогие игроки РПЛ
Quiz Lab
Trending Quizzes
Risky Map Clicking: Least Populous States A-Z
1-10 Letter F Words
1-10 Letter G Words
Not Quite an Element Typing Challenge
One Thing in Common: United Kingdom
Recently Updated
Leaping Animals
pecheneg
Reality TV Shows (A-Z)
bhenderson79
Rickey Henderson's Hall of Fame Teammates
pecheneg
Champions League XIs: Arsenal
pecheneg
Quick Pick: Celebrities in WWE's Hall of Fame
aduchscher
A-Z Keypad Blitz II
pecheneg
Multiple Oscar Actors
pecheneg
Mystery Phrase Blitz: Oscar 'Best Actors'
pecheneg
F. Scott Fitzgerald Novels
LTH
Pick 3 Villains
ddd62291
Trending Topics
Harry Potter
Disney
Kpop
Crossword
Anime
Marvel
NBA
Song
WWE
Soccer
The Office
Puzzle
Pokémon
NFL
Country
Your Account Isn't Verified!
In order to create a playlist on Sporcle, you need to verify the email address you used during registration. Go to your
Sporcle Settings
to finish the process.
Report this User
Report this user for behavior that violates our
Community Guidelines
.
Details:
Send Report
Go to the Sporcle.com Mobile Site →
Comments